书目信息 |
| 题名: |
日本文化与现代化
|
|
| 作者: | 汤重南 著 | |
| 分册: | ||
| 出版信息: | 沈阳 辽海出版社 1999.12 |
|
| 页数: | 340页 | |
| 开本: | 32开 | |
| 丛书名: | ||
| 单 册: | ||
| 中图分类: | G131.32 | |
| 科图分类: | ||
| 主题词: | 文化事业--概况--世界 , 文化事业--基本建设 | |
| 电子资源: | ||
| ISBN: | 7-80649-207-0 | |
| 000 | 00601nam0 2200205 45 | |
| 001 | 0105210972 | |
| 005 | 20010521095128.4 | |
| 010 | @a7-80649-207-0@d22.00元 | |
| 100 | @a20010521d1999 km y0chiy0120 ea | |
| 101 | 0 | @achi |
| 105 | @a z 000yy | |
| 200 | 1 | @a日本文化与现代化@ARi Ben Wen Hua Yu Xian Dai Hua@f汤重南等著@FTang Zhong Nan Deng Zhu |
| 210 | @a沈阳@c辽海出版社@d1999.12 | |
| 215 | @a340页@d32开 | |
| 606 | 0 | @a文化事业@x概况@x世界 |
| 606 | 0 | @a文化事业@x基本建设 |
| 690 | @aG131.32@v3 | |
| 701 | 0 | @a汤重南@4著 |
| 801 | @aCN@bPftUser@c20010521 | |
| 905 | @f5@b343144-148@dG131.32@eT548 | |
| 日本文化与现代化/汤重南等著.-沈阳:辽海出版社,1999.12 |
| 340页;32开 |
| ISBN 7-80649-207-0:22.00元 |
| ● |
| 相关链接 |
|
|
|
正题名:日本文化与现代化
索取号:G131.32/T548
 
预约/预借
| 序号 | 登录号 | 条形码 | 馆藏地/架位号 | 状态 | 备注 |
| 1 | 343144 | 203431447 | 社科库409/409社科库 56排5列2层/ [索取号:G131.32/T548] | 在馆 | |
| 2 | 343145 | 203431456 | 社科库409/409社科库 56排5列2层/ [索取号:G131.32/T548] | 在馆 | |
| 3 | 343146 | 203431465 | 社科二线422/409社科库 119排2列2层/ [索取号:G131.32/T548] | 在馆 | |
| 4 | 343147 | 203431474 | 社科二线422/409社科库 119排2列2层/ [索取号:G131.32/T548] | 在馆 | |
| 5 | 343148 | 203431483 | 社科库409/400B社科库 10排3列4层/ [索取号:G131.32/T548] | 在馆 |